<?xml version="1.0" encoding="UTF-8"?>
<record
    xmlns:xsi="http://www.w3.org/2001/XMLSchema-instance"
    xsi:schemaLocation="http://www.loc.gov/MARC21/slim http://www.loc.gov/standards/marcxml/schema/MARC21slim.xsd"
    xmlns="http://www.loc.gov/MARC21/slim">

  <leader>00352nam a2200133   4500</leader>
  <datafield tag="082" ind1=" " ind2=" ">
    <subfield code="a">581.684 JAY</subfield>
  </datafield>
  <datafield tag="100" ind1=" " ind2=" ">
    <subfield code="a">Jayaweera,D.M.A.</subfield>
    <subfield code="9">339</subfield>
  </datafield>
  <datafield tag="245" ind1=" " ind2=" ">
    <subfield code="a">Medicinal Plants (Indigenous and Exotic) Used in Ceylon</subfield>
  </datafield>
  <datafield tag="260" ind1=" " ind2=" ">
    <subfield code="a">Colombo</subfield>
    <subfield code="b">National Science Foundation Sri Lanka</subfield>
    <subfield code="c">2006</subfield>
  </datafield>
  <datafield tag="300" ind1=" " ind2=" ">
    <subfield code="a">255</subfield>
  </datafield>
  <datafield tag="490" ind1=" " ind2=" ">
    <subfield code="a">Part V</subfield>
  </datafield>
  <datafield tag="650" ind1=" " ind2=" ">
    <subfield code="a">Plants,</subfield>
    <subfield code="9">340</subfield>
  </datafield>
  <datafield tag="942" ind1=" " ind2=" ">
    <subfield code="c">REF</subfield>
  </datafield>
  <datafield tag="999" ind1=" " ind2=" ">
    <subfield code="c">5031</subfield>
    <subfield code="d">5031</subfield>
  </datafield>
  <datafield tag="952" ind1=" " ind2=" ">
    <subfield code="0">0</subfield>
    <subfield code="1">0</subfield>
    <subfield code="7">0</subfield>
    <subfield code="8">NFIC</subfield>
    <subfield code="a">MLCampus</subfield>
    <subfield code="b">MLCampus</subfield>
    <subfield code="c">GEN</subfield>
    <subfield code="d">2024-06-07</subfield>
    <subfield code="g">1152.00</subfield>
    <subfield code="h">Part V</subfield>
    <subfield code="l">0</subfield>
    <subfield code="o">581.684 JAY</subfield>
    <subfield code="p">007584</subfield>
    <subfield code="r">2024-06-07 12:20:14</subfield>
    <subfield code="w">2024-06-07</subfield>
    <subfield code="y">REF</subfield>
  </datafield>
  <datafield tag="952" ind1=" " ind2=" ">
    <subfield code="0">0</subfield>
    <subfield code="1">0</subfield>
    <subfield code="7">0</subfield>
    <subfield code="8">NFIC</subfield>
    <subfield code="a">MLCampus</subfield>
    <subfield code="b">MLCampus</subfield>
    <subfield code="c">GEN</subfield>
    <subfield code="d">2024-06-07</subfield>
    <subfield code="g">1152.00</subfield>
    <subfield code="h">Part IV</subfield>
    <subfield code="l">0</subfield>
    <subfield code="o">581.684 JAY</subfield>
    <subfield code="p">007583</subfield>
    <subfield code="r">2024-06-07 12:21:49</subfield>
    <subfield code="w">2024-06-07</subfield>
    <subfield code="y">REF</subfield>
  </datafield>
  <datafield tag="952" ind1=" " ind2=" ">
    <subfield code="0">0</subfield>
    <subfield code="1">0</subfield>
    <subfield code="7">0</subfield>
    <subfield code="8">NFIC</subfield>
    <subfield code="a">MLCampus</subfield>
    <subfield code="b">MLCampus</subfield>
    <subfield code="c">GEN</subfield>
    <subfield code="d">2024-06-07</subfield>
    <subfield code="g">1152.00</subfield>
    <subfield code="h">Part III</subfield>
    <subfield code="l">0</subfield>
    <subfield code="o">581.684 JAY</subfield>
    <subfield code="p">007582</subfield>
    <subfield code="r">2024-06-07 12:22:55</subfield>
    <subfield code="w">2024-06-07</subfield>
    <subfield code="y">REF</subfield>
  </datafield>
  <datafield tag="952" ind1=" " ind2=" ">
    <subfield code="0">0</subfield>
    <subfield code="1">0</subfield>
    <subfield code="7">0</subfield>
    <subfield code="8">NFIC</subfield>
    <subfield code="a">MLCampus</subfield>
    <subfield code="b">MLCampus</subfield>
    <subfield code="c">GEN</subfield>
    <subfield code="d">2024-06-07</subfield>
    <subfield code="g">1152.00</subfield>
    <subfield code="h">Part II</subfield>
    <subfield code="l">0</subfield>
    <subfield code="o">581.684 JAY</subfield>
    <subfield code="p">007581</subfield>
    <subfield code="r">2024-06-07 12:23:29</subfield>
    <subfield code="w">2024-06-07</subfield>
    <subfield code="y">REF</subfield>
  </datafield>
  <datafield tag="952" ind1=" " ind2=" ">
    <subfield code="0">0</subfield>
    <subfield code="1">0</subfield>
    <subfield code="7">0</subfield>
    <subfield code="8">NFIC</subfield>
    <subfield code="a">MLCampus</subfield>
    <subfield code="b">MLCampus</subfield>
    <subfield code="c">GEN</subfield>
    <subfield code="d">2024-06-07</subfield>
    <subfield code="g">1152.00</subfield>
    <subfield code="h">Part I</subfield>
    <subfield code="l">0</subfield>
    <subfield code="o">581.684 JAY</subfield>
    <subfield code="p">007580</subfield>
    <subfield code="r">2024-06-07 12:24:02</subfield>
    <subfield code="w">2024-06-07</subfield>
    <subfield code="y">REF</subfield>
  </datafield>
</record>
